| 000 | 00447nam a2200181Ia 4500 | ||
|---|---|---|---|
| 001 | 18867 | ||
| 005 | 20260306171702.0 | ||
| 008 | 260306s9999||||xx |||||||||||||| ||und|| | ||
| 041 | _aESP | ||
| 082 |
_a658.503 _bR714 |
||
| 100 |
_aRajadell, Manuel _eAUT |
||
| 245 | 0 |
_aLean Manufacturing: _bla evidencia de una necesidad |
|
| 260 | _c2010 | ||
| 300 |
_a260 páginas : _c24 cm. |
||
| 650 | _aGEN | ||
| 654 | _aCAN | ||
| 942 |
_cLIB _dJUS _fJUS _2ddc _n |
||
| 999 |
_c18867 _d18867 |
||